| 000 | 00416nam a2200145Ia 4500 | ||
|---|---|---|---|
| 008 | 231217s9999 xx 000 0 und d | ||
| 041 | _aEnglish | ||
| 082 | _a001.6424ORA LON2;1 R | ||
| 100 | _aLoney, Kevin. | ||
| 245 | 0 | _aOracle : DBA hand book, covers versions 6 and 7.X | |
| 260 |
_c1994 _bMcgrawhill _aNew York |
||
| 300 | _axxii+674 | ||
| 650 | _aOracle,DBA,hand,book,,covers,versions,6,7.X | ||
| 942 | _cAA | ||
| 999 |
_c183721 _d183721 |
||